<?xml version="1.0" encoding="UTF-8"?>
<record
    xmlns:xsi="http://www.w3.org/2001/XMLSchema-instance"
    xsi:schemaLocation="http://www.loc.gov/MARC21/slim http://www.loc.gov/standards/marcxml/schema/MARC21slim.xsd"
    xmlns="http://www.loc.gov/MARC21/slim">

  <leader>00392nam a22001337a 4500</leader>
  <controlfield tag="008">240220b        |||||||| |||| 00| 0 eng d</controlfield>
  <datafield tag="020" ind1=" " ind2=" ">
    <subfield code="a">9788490567494</subfield>
  </datafield>
  <datafield tag="082" ind1=" " ind2=" ">
    <subfield code="a">A-N</subfield>
    <subfield code="b">RANP</subfield>
  </datafield>
  <datafield tag="100" ind1=" " ind2=" ">
    <subfield code="a">Rankin, Ian </subfield>
    <subfield code="e">autor</subfield>
    <subfield code="9">42243</subfield>
  </datafield>
  <datafield tag="245" ind1=" " ind2=" ">
    <subfield code="a">Perros Salvajes / </subfield>
    <subfield code="c">Ian Rankin; traducido por Efr&#xE9;n del Valle </subfield>
  </datafield>
  <datafield tag="260" ind1=" " ind2=" ">
    <subfield code="a">Barcelona:</subfield>
    <subfield code="b">RBA libros,</subfield>
    <subfield code="c">2016</subfield>
  </datafield>
  <datafield tag="300" ind1=" " ind2=" ">
    <subfield code="a">438 p&#xE1;ginas;</subfield>
    <subfield code="c">22 cm. </subfield>
  </datafield>
  <datafield tag="942" ind1=" " ind2=" ">
    <subfield code="2">ddc</subfield>
  </datafield>
  <datafield tag="999" ind1=" " ind2=" ">
    <subfield code="c">30645</subfield>
    <subfield code="d">17029</subfield>
  </datafield>
  <datafield tag="952" ind1=" " ind2=" ">
    <subfield code="0">0</subfield>
    <subfield code="1">0</subfield>
    <subfield code="2">ddc</subfield>
    <subfield code="4">0</subfield>
    <subfield code="6">A_N_RANP</subfield>
    <subfield code="7">0</subfield>
    <subfield code="9">17965</subfield>
    <subfield code="a">Biblored</subfield>
    <subfield code="b">CPL</subfield>
    <subfield code="c">FIC</subfield>
    <subfield code="d">2024-02-16</subfield>
    <subfield code="l">1</subfield>
    <subfield code="o">A-N RANP</subfield>
    <subfield code="p">35714005595220</subfield>
    <subfield code="r">2024-03-04 00:00:00</subfield>
    <subfield code="s">2024-03-04</subfield>
    <subfield code="t">Ej. 1 </subfield>
    <subfield code="w">2024-02-20</subfield>
    <subfield code="y">BK</subfield>
    <subfield code="z">Material interbibliotecario Bibliored </subfield>
  </datafield>
</record>
